00689cam a22002291 4500001001300000003000400013005001700017008004100034010001700075035001900092040001800111042001200129050002300141110004700164245007900211250001200290260004100302300001800343651005100361700003000412999001700442sa 65000464 DLC20260227112103.0750207s1964 xx 000 0 ind  asa 65000464  a(OCoLC)1163603 aDLCcOAUdDLC apremarc00aJQ779.A55bA7 19642 aPartai Komunis Indonesia.bComite Central.10aUntuk bekerdja lebih baik dikalangan kaum tanic[oleh] D.N. Aidit [et al.] aTjet 3. aDjakarta,bJajasan Pembaruan,c1964. a48 p.c20 cm. 0aIndonesiaxPolitics and governmenty1950-1966.1 aAidit, D. N.,d1923-1965. c61558d61558